|
|
|
|
| LEADER |
01629nam a2200289 a 4500 |
| 001 |
00026087 |
| 008 |
121009r20062011ii a b 001 0 eng d |
| 020 |
|
|
|a 9788125917151
|
| 040 |
|
|
|a BD-DhAAL
|c BD-DhAAL
|
| 082 |
0 |
4 |
|a 580
|2 22
|
| 100 |
1 |
|
|a Pandey, S. N.
|
| 245 |
1 |
0 |
|a A textbook of botany,
|n Volume I/
|c S N Pandey; P S Trivedi.
|
| 250 |
|
|
|a 11th ed.
|
| 260 |
|
|
|a New Delhi, India :
|b Vikas Pub. House,
|c 2006 [Seventh imprint 2011]
|
| 300 |
|
|
|a xii, 752 p. :
|b ill. ;
|c 24 cm.
|
| 362 |
0 |
|
|a Vol. I
|
| 500 |
|
|
|a Includes bibliography (p.730-741) and index.
|
| 541 |
1 |
|
|e 00026087
|
| 650 |
|
0 |
|a Botany
|
| 700 |
1 |
|
|a Trivedi, P. S.
|
| 852 |
1 |
|
|a Ayesha Abed Library
|j General shelf
|
| 999 |
|
|
|c 12892
|d 12892
|
| 952 |
|
|
|0 0
|1 0
|4 0
|6 580_000000000000000_PAN
|7 0
|9 21252
|a BRACUL
|b BRACUL
|c GEN
|d 2012-10-09
|e Karim International
|g 780.00
|l 2
|m 3
|o 580 PAN
|p 3010026087
|r 2024-10-09
|s 2024-10-02
|t 1
|w 2012-10-09
|y BK
|
| 952 |
|
|
|0 0
|1 0
|4 0
|6 580_000000000000000_PAN
|7 0
|9 21253
|a BRACUL
|b BRACUL
|c GEN
|d 2012-10-09
|e Karim International
|g 780.00
|l 1
|o 580 PAN
|p 3010026088
|r 2023-10-21
|s 2023-10-19
|t 2
|w 2012-10-09
|y BK
|
| 952 |
|
|
|0 0
|1 0
|4 0
|6 580_000000000000000_PAN
|7 0
|9 21254
|a BRACUL
|b BRACUL
|c GEN
|d 2012-10-09
|e Karim International
|g 780.00
|l 0
|o 580 PAN
|p 3010026089
|r 2012-10-09
|t 3
|w 2012-10-09
|y BK
|
| 952 |
|
|
|0 0
|1 0
|4 0
|6 580_000000000000000_PAN
|7 0
|9 21255
|a BRACUL
|b BRACUL
|c GEN
|d 2012-10-09
|e Karim International
|g 780.00
|l 1
|o 580 PAN
|p 3010026090
|r 2023-10-19
|s 2023-10-12
|t 4
|w 2012-10-09
|y BK
|
| 952 |
|
|
|0 0
|1 0
|4 0
|6 580_000000000000000_PAN
|7 0
|9 21256
|a BRACUL
|b BRACUL
|c GEN
|d 2012-10-09
|e Karim International
|g 780.00
|l 3
|m 19
|o 580 PAN
|p 3010026091
|r 2019-09-16
|s 2019-05-28
|t 5
|w 2012-10-09
|y BK
|